000 00445nam a22001217a 4500
008 230619b xxu||||| |||| 00| 0 eng d
082 _a301.3
_bDUN
100 _cAnne Dundas
245 _aBeneath African Glaciers
_bThe Humours, tragedies and demands of an E.A Government satation as expected by an officials wife:with some personal views on native life and customs
260 _aLondon
_bH.F & G.Witherby
_c1924
300 _a238p
942 _2ddc
_cBK
999 _c1278
_d1278